Porovnanie krajín Európskej únie na základe vybraných ukazovateľov aplikáciou metódy normovanej premennej
Porovnanie a usporiadanie krajín Európskej únie na základe vybraných sociálno-ekonomických a demografických ukazovateľov za rok 2016. Na analýzu vybrané ukazovatele ako hrubý domáci produkt na obyvateľa, štátny dlh ako percento z hrubého domáce produktu, miera inflácie, miera nezamestnanosti, celkov...
Salvato in:
| Autore principale: | |
|---|---|
| Natura: | Capitolo di libro |
| Lingua: | slovacco |
| Soggetti: | |
| Tags: |
Nessun Tag, puoi essere il primo ad aggiungerne!!
|
MARC
| LEADER | 00000naa a2200000 4500 | ||
|---|---|---|---|
| 001 | 0264090 | ||
| 005 | 20240502074205.5 | ||
| 041 | 0 | |a slo | |
| 044 | |a SK | ||
| 245 | 1 | 0 | |a Porovnanie krajín Európskej únie na základe vybraných ukazovateľov aplikáciou metódy normovanej premennej |c Ľubica Hurbánková |
| 520 | |a Porovnanie a usporiadanie krajín Európskej únie na základe vybraných sociálno-ekonomických a demografických ukazovateľov za rok 2016. Na analýzu vybrané ukazovatele ako hrubý domáci produkt na obyvateľa, štátny dlh ako percento z hrubého domáce produktu, miera inflácie, miera nezamestnanosti, celková plodnosť, miera dojčenskej úmrtnosti a hrubá miera rozvodovosti. Zoradenie analyzovaných krajín na základe vyššie spomenutých indikátorov od najlepšej po najhoršiu pomocou jednej z metód viackriteriálneho porovnávania – metódy normovanej premennej. | ||
| 610 | 2 | 0 | |a Európska únia |
| 610 | 2 | 0 | |a ukazovatele demografické |
| 610 | 2 | 0 | |a ukazovatele sociálno-ekonomické |
| 610 | 2 | 0 | |a porovnanie medzinárodné |
| 100 | 1 | |a Hurbánková, Ľubica, 1980- | |